[Event "TUR-chT 1st League"]
[Site "Ankara"]
[Date "2025.07.16"]
[Round "4.53"]
[White "Djukic, Sandra"]
[Black "Tirpan, Ceren"]
[Result "1/2-1/2"]
[WhiteElo "2108"]
[BlackElo "2060"]
[PlyCount "188"]
[EventDate "2025.07.14"]
[EventType "team-swiss"]
[EventRounds "9"]
[EventCountry "TUR"]
[SourceTitle "CB30_2025"]
[SourceDate "2025.07.23"]
[SourceVersion "1"]
[SourceVersionDate "2025.07.23"]
[SourceQuality "1"]
[WhiteTeam "Olbia Satranc"]
[BlackTeam "Resul Caner Satranc"]
[WhiteTeamCountry "TUR"]
[BlackTeamCountry "TUR"]

1. d4 Nf6 2. Nf3 g6 3. g3 Bg7 4. Bg2 0-0 5. 0-0 d6 6. c4 c6 7. Nc3 Bf5 8. Nh4 Be6 9. b3 d5 10. cxd5 cxd5 11. Nf3 Nc6 12. Bb2 Rc8 13. Rc1 Qd6 14. Na4 b6 15. Ne5 Na5 16. Qd3 Nd7 17. Qa6 Nxe5 18. dxe5 Qb8 19. f4 Rfd8 20. Ba3 Bf8 21. Rfd1 Rxc1 22. Rxc1 d4 23. Nb2 Bc8 24. Qd3 Bb7 25. Bxb7 Nxb7 26. Qc4 Qa8 27. Qc6 Kg7 28. Nd3 h5 29. Kf2 h4 30. g4 h3 31. Kg3 e6 32. Bxf8+ Rxf8 33. Kxh3 Rh8+ 34. Kg3 Qd8 35. Qxb7 Qh4+ 36. Kf3 Qxh2 37. Nf2 Rh3+ 38. Nxh3 Qxh3+ 39. Kf2 Qe3+ 40. Kg2 Qxc1 41. Qe4 Qd2 42. a4 d3 43. Kf3 dxe2 44. Qxe2 Qd5+ 45. Qe4 Qxb3+ 46. Kf2 Qd1 47. f5 Qd2+ 48. Kf1 gxf5 49. gxf5 exf5 50. Qxf5 Qh6 51. Ke2 Qg6 52. Qf4 a6 53. Qd4 Qe6 54. Kd2 Qa2+ 55. Kc1 Qa3+ 56. Kb1 Qc5 57. Qf4 Qc6 58. Kb2 b5 59. axb5 axb5 60. Kb3 Qd5+ 61. Kb4 Kf8 62. e6 Qxe6 63. Kxb5 Qd5+ 64. Kb4 Ke7 65. Kc3 Ke6 66. Qg4+ Qf5 67. Qg8 Qg6 68. Qe8+ Kf5 69. Qb5+ Kg4 70. Qf1 Qc6+ 71. Kd4 Qd6+ 72. Ke4 Qe6+ 73. Kd4 f5 74. Qg2+ Kh5 75. Qh3+ Kg6 76. Qg3+ Kf7 77. Qc7+ Kf6 78. Qf4 Qb6+ 79. Kd3 Qb1+ 80. Ke3 Qb3+ 81. Kf2 Qc2+ 82. Kf3 Qd3+ 83. Kf2 Qc2+ 84. Kf3 Qd1+ 85. Kf2 Qd3 86. Qh6+ Kf7 87. Qh5+ Ke6 88. Qe8+ Kf6 89. Qf8+ Kg5 90. Qg7+ Kf4 91. Qc7+ Ke4 92. Qe7+ Kf4 93. Qc7+ Ke4 94. Qe7+ Kf4 1/2-1/2

[Event "Rilton Cup 52nd"]
[Site "Stockholm"]
[Date "2024.12.30"]
[Round "4"]
[White "Djukic, Sandra"]
[Black "Kantane, Anna"]
[Result "1-0"]
[WhiteElo "2080"]
[BlackElo "2248"]
[PlyCount "85"]
[EventDate "2024.12.27"]
[EventType "swiss"]
[EventRounds "9"]
[EventCountry "SWE"]
[SourceTitle "CB02_2025"]
[SourceDate "2025.01.08"]
[SourceVersion "1"]
[SourceVersionDate "2025.01.08"]
[SourceQuality "1"]

1. d4 Nf6 2. c4 e6 3. Nf3 b6 4. g3 Bb7 5. Bg2 Bb4+ 6. Bd2 Bxd2+ 7. Qxd2 0-0 8. 0-0 d6 9. Nc3 Ne4 10. Qc2 Nxc3 11. Qxc3 Nd7 12. Rac1 a5 13. b3 Qe7 14. Rfd1 f5 15. a3 c5 16. Qd2 Rfd8 17. d5 exd5 18. Nh4 Nf6 19. Nxf5 Qe5 20. Qf4 Rd7 21. Qxe5 dxe5 22. cxd5 e4 23. Ne3 Rad8 24. Bh3 Rc7 25. d6 Rc6 26. d7 Rc7 27. Nc4 b5 28. Nxa5 Ba8 29. Rd6 Kf8 30. b4 c4 31. Rb6 Nxd7 32. Rxb5 c3 33. Bxd7 c2 34. Rc5 Rcxd7 35. R1xc2 Rd1+ 36. Kg2 Ra1 37. Rc8 Ke8 38. Rxd8+ Kxd8 39. Rc3 Ra2 40. e3 Bd5 41. g4 Kd7 42. Nb3 g5 43. Nd4 1-0

[Event "Rilton Cup 52nd"]
[Site "Stockholm"]
[Date "2024.12.29"]
[Round "3"]
[White "Soumya, Swaminathan"]
[Black "Djukic, Sandra"]
[Result "1/2-1/2"]
[WhiteElo "2243"]
[BlackElo "2080"]
[PlyCount "69"]
[EventDate "2024.12.27"]
[EventType "swiss"]
[EventRounds "9"]
[EventCountry "SWE"]
[SourceTitle "CB02_2025"]
[SourceDate "2025.01.08"]
[SourceVersion "1"]
[SourceVersionDate "2025.01.08"]
[SourceQuality "1"]

1. e4 d6 2. d4 Nf6 3. Nc3 e5 4. Nf3 Nbd7 5. Bc4 Be7 6. 0-0 0-0 7. Re1 c6 8. a4 h6 9. h3 Re8 10. Be3 Bf8 11. Qd3 exd4 12. Qxd4 Qa5 13. Rad1 Ne5 14. Be2 Be6 15. Bf4 Nfd7 16. Qe3 Nxf3+ 17. Qxf3 Ne5 18. Qg3 Kh8 19. b3 Qc5 20. Bf1 Rad8 21. Kh1 Ng6 22. Bc1 Be7 23. Qe3 Qxe3 24. Bxe3 Bf6 25. Ne2 Bc8 26. Bxa7 Rxe4 27. Bb6 Rde8 28. Ba5 d5 29. Nc1 Rxe1 30. Rxe1 Rxe1 31. Bxe1 Nf8 32. Nd3 Bf5 33. b4 Nd7 34. a5 Kg8 35. c3 1/2-1/2

[Event "EU-Cup (Women) 28th"]
[Site "Vrnjacka Banja"]
[Date "2024.10.25"]
[Round "6.4"]
[White "Djukic, Sandra"]
[Black "Khalafova, Narmin Ilgar Qizi"]
[Result "1/2-1/2"]
[WhiteElo "2118"]
[BlackElo "2278"]
[PlyCount "92"]
[EventDate "2024.10.20"]
[EventType "team-swiss"]
[EventRounds "7"]
[EventCountry "SRB"]
[SourceTitle "CB44_2024"]
[Source "Chessbase"]
[SourceDate "2024.10.30"]
[SourceVersion "1"]
[SourceVersionDate "2024.10.30"]
[SourceQuality "1"]
[WhiteTeam "Zenica Napredak (W)"]
[BlackTeam "Bonnevoie Gambit (W)"]
[WhiteTeamCountry "SRB"]
[BlackTeamCountry "LUX"]

1. d4 d5 2. c4 c6 3. cxd5 cxd5 4. Bf4 Nc6 5. e3 Nf6 6. Nc3 a6 7. Bd3 Bg4 8. Nge2 e6 9. Rc1 Be7 10. 0-0 Bxe2 11. Qxe2 Bd6 12. Bg5 h6 13. Bh4 g5 14. Bg3 h5 15. e4 Nxd4 16. Qe3 e5 17. h3 dxe4 18. Bxe4 Qe7 19. Bxb7 Rb8 20. Bxa6 Rg8 21. Rfe1 Nf5 22. Qf3 Nxg3 23. fxg3 Kf8 24. Rf1 Rg6 25. Bd3 Rh6 26. Qf5 e4 27. Nxe4 Nxe4 28. Bxe4 Bxg3 29. Bd5 Bf4 30. Rce1 Qa7+ 31. Kh1 h4 32. Re2 Kg7 33. b3 Rf6 34. Qg4 Rd8 35. Bc4 Qd4 36. Ref2 Kh6 37. Qe2 Qd7 38. Qb2 Kg6 39. Be2 Qd4 40. Qc2+ Kh6 41. Bg4 Qe3 42. Rf3 Qd2 43. Qc5 Qd6 44. Qc4 Qd4 45. Qb5 Rd5 46. Qe8 Rd8 1/2-1/2

[Event "EU-Cup (Women) 28th"]
[Site "Vrnjacka Banja"]
[Date "2024.10.20"]
[Round "1.3"]
[White "Djukic, Sandra"]
[Black "Efroimski, Marsel"]
[Result "0-1"]
[WhiteElo "2118"]
[BlackElo "2399"]
[PlyCount "100"]
[EventDate "2024.10.20"]
[EventType "team-swiss"]
[EventRounds "7"]
[EventCountry "SRB"]
[SourceTitle "CB44_2024"]
[Source "Chessbase"]
[SourceDate "2024.10.30"]
[SourceVersion "1"]
[SourceVersionDate "2024.10.30"]
[SourceQuality "1"]
[WhiteTeam "Zenica Napredak (W)"]
[BlackTeam "SuperChess (W)"]
[WhiteTeamCountry "SRB"]
[BlackTeamCountry "ROU"]

1. Nf3 Nf6 2. c4 g6 3. b3 Bg7 4. Bb2 0-0 5. g3 d6 6. d4 Bf5 7. Bg2 Qc8 8. h3 Nc6 9. g4 Bd7 10. Nc3 h5 11. g5 Nh7 12. Qd2 e5 13. d5 Ne7 14. Ne4 Nf5 15. 0-0-0 c5 16. dxc6 Bxc6 17. Nxd6 Nxd6 18. Qxd6 Re8 19. h4 Qf5 20. Qd2 b5 21. Bh3 Qe4 22. Qe3 bxc4 23. Qxe4 Bxe4 24. bxc4 f5 25. Rhe1 Bc6 26. Rd6 Bxf3 27. exf3 Nf8 28. Rd5 Ne6 29. Bf1 Re7 30. Ba3 Rb7 31. Rd6 Nd4 32. Rxg6 Rab8 33. Bd3 Nxf3 34. Rd1 e4 35. Bc2 Nxh4 36. Rgd6 Nf3 37. c5 h4 38. c6 Rc7 39. Bb3+ Kh7 40. Be6 Rb5 41. Bd7 h3 42. R6d5 Rxd5 43. Rxd5 Rxc6+ 44. Bxc6 h2 45. Rd1 Ng1 46. Bd7 Kg6 47. Be7 h1Q 48. Be8+ Kh7 49. Bc5 Ne2+ 50. Kc2 Qf3 0-1

[Event "FRM-chT (Women)"]
[Site "Struga"]
[Date "2024.07.28"]
[Round "5.1"]
[White "Djukic, Sandra"]
[Black "Toncheva, Nadya"]
[Result "0-1"]
[WhiteElo "2128"]
[BlackElo "2279"]
[PlyCount "126"]
[EventDate "2024.07.24"]
[EventType "team-tourn"]
[EventRounds "7"]
[EventCountry "MKD"]
[SourceTitle "EXT 2025"]
[Source "ChessBase"]
[SourceDate "2024.10.14"]
[SourceVersion "1"]
[SourceVersionDate "2024.10.14"]
[SourceQuality "1"]
[WhiteTeam "Kumanovo (W)"]
[BlackTeam "Negotino (W)"]
[WhiteTeamCountry "MKD"]
[BlackTeamCountry "MKD"]

1. Nf3 c5 2. g3 Nc6 3. c4 g6 4. Bg2 Bg7 5. Nc3 e6 6. 0-0 Nge7 7. b3 0-0 8. Bb2 d5 9. d3 d4 10. Ne4 b6 11. a3 f5 12. Ned2 a5 13. Qc2 Bb7 14. Rae1 Qd7 15. Bc1 Rae8 16. Rd1 Nc8 17. e3 e5 18. exd4 exd4 19. Rde1 Nd6 20. Rxe8 Rxe8 21. Re1 Nf7 22. Rxe8+ Qxe8 23. Nf1 Qe7 24. h4 Bf6 25. Qd1 Ncd8 26. N1h2 Bc6 27. Bd2 Kg7 28. Bf1 h6 29. Qe2 Qxe2 30. Bxe2 g5 31. hxg5 hxg5 32. Ne1 Be7 33. Nc2 Ne6 34. f3 Bd6 35. Kf2 Kf6 36. Nf1 Ne5 37. Nh2 Be8 38. Ne1 a4 39. Bd1 axb3 40. Bxb3 Bc7 41. a4 Bg6 42. Ke2 Nc6 43. Nf1 Na5 44. Bd1 Nd8 45. Bc1 Ndc6 46. Bb2 Nb4 47. g4 Nac6 48. Ne3 Bg3 49. gxf5 Bh7 50. N1c2 Ke7 51. Nxb4 Nxb4 52. Nd5+ Nxd5 53. cxd5 Bxf5 54. Bb3 Kd6 55. Bc4 Bg6 56. Kf1 Bf7 57. Bc1 Bf4 58. Bxf4+ gxf4 59. Bb3 Bxd5 60. Bd1 c4 61. dxc4 Bxc4+ 62. Kg2 Be6 63. Kf2 Kc5 0-1

[Event "FRM-chT (Women)"]
[Site "Struga"]
[Date "2024.07.27"]
[Round "4.1"]
[White "Krasteva, Beloslava"]
[Black "Djukic, Sandra"]
[Result "1-0"]
[WhiteElo "2251"]
[BlackElo "2128"]
[PlyCount "145"]
[EventDate "2024.07.24"]
[EventType "team-tourn"]
[EventRounds "7"]
[EventCountry "MKD"]
[SourceTitle "EXT 2025"]
[Source "ChessBase"]
[SourceDate "2024.10.14"]
[SourceVersion "1"]
[SourceVersionDate "2024.10.14"]
[SourceQuality "1"]
[WhiteTeam "MSK Centar (W)"]
[BlackTeam "Kumanovo (W)"]
[WhiteTeamCountry "MKD"]
[BlackTeamCountry "MKD"]

1. d4 d5 2. Nf3 Nf6 3. Bf4 g6 4. e3 Bg7 5. h3 0-0 6. Bd3 c5 7. c3 b6 8. 0-0 Bb7 9. Nbd2 Nbd7 10. a4 a6 11. Qe2 Ne4 12. Rfd1 Nxd2 13. Rxd2 Qc8 14. e4 c4 15. Bc2 dxe4 16. Bxe4 Bxe4 17. Qxe4 e6 18. Be5 Re8 19. h4 Nf6 20. Bxf6 Bxf6 21. Qf4 Bg7 22. h5 Ra7 23. h6 Bh8 24. Ne5 f6 25. Ng4 Qd8 26. Re1 f5 27. Ne5 Rc7 28. Nf3 Rce7 29. Rde2 Qd5 30. Ne5 Bf6 31. Qg3 Kh8 32. f4 Rg8 33. Nf3 Rge8 34. Ng5 Kg8 35. Re3 Qc6 36. Qf3 Qxf3 37. gxf3 Bxg5 38. fxg5 Kf7 39. Re5 Rd8 40. a5 b5 41. Rc5 Red7 42. Ree5 Ke7 43. f4 Rd5 44. Rc7+ R8d7 45. Rc6 R5d6 46. Rc8 Rd8 47. Rcc5 Kd7 48. Kf2 Rc8 49. Rxc8 Kxc8 50. Ke3 Kd7 51. Kd2 Rd5 52. Re1 Kd6 53. Kc2 Kd7 54. b3 cxb3+ 55. Kxb3 Kd6 56. Kc2 Kd7 57. Kd3 Rd6 58. Rb1 Kc7 59. Ke3 Rd7 60. Kd3 Rd5 61. Rb2 Kc6 62. Rb4 Kc7 63. c4 bxc4+ 64. Rxc4+ Kd6 65. Rc8 Rxa5 66. Rh8 Kd5 67. Rd8+ Kc6 68. Rh8 Ra3+ 69. Kc4 Rf3 70. Rxh7 Rxf4 71. Rg7 Rh4 72. Rxg6 Kd6 73. Rg7 1-0

[Event "FRM-chT (Women)"]
[Site "Struga"]
[Date "2024.07.26"]
[Round "3.1"]
[White "Djukic, Sandra"]
[Black "Khotenashvili, Bela"]
[Result "0-1"]
[WhiteElo "2128"]
[BlackElo "2427"]
[PlyCount "82"]
[EventDate "2024.07.24"]
[EventType "team-tourn"]
[EventRounds "7"]
[EventCountry "MKD"]
[SourceTitle "EXT 2025"]
[Source "ChessBase"]
[SourceDate "2024.10.14"]
[SourceVersion "1"]
[SourceVersionDate "2024.10.14"]
[SourceQuality "1"]
[WhiteTeam "Kumanovo (W)"]
[BlackTeam "Alkaloid (W)"]
[WhiteTeamCountry "MKD"]
[BlackTeamCountry "MKD"]

1. d4 Nf6 2. c4 c5 3. d5 b5 4. cxb5 a6 5. b6 d6 6. Nc3 Nbd7 7. e4 g6 8. Nf3 Bg7 9. a4 Qxb6 10. a5 Qb4 11. Ra4 Qb7 12. h3 0-0 13. Be2 Ne8 14. Ra3 Rb8 15. 0-0 Nc7 16. Nd2 Qa7 17. Rb3 Ne5 18. Rxb8 Qxb8 19. f4 Nd7 20. Qa4 Nf6 21. Bf3 Bd7 22. Qa2 Qb4 23. Re1 Bb5 24. Kh1 Nd7 25. Qb3 Qxa5 26. Ndb1 Bd3 27. Qd1 c4 28. Na3 Nb5 29. Naxb5 axb5 30. Be3 b4 31. Ne2 Bxb2 32. Nd4 Re8 33. Nc6 Qb5 34. e5 dxe5 35. fxe5 Nxe5 36. Bc1 Bxc1 37. Nxe5 Bf4 38. Nxd3 cxd3 39. Re4 Bd6 40. Rd4 b3 41. Rxd3 Rb8 0-1

[Event "FRM-chT (Women)"]
[Site "Struga"]
[Date "2024.07.25"]
[Round "2.1"]
[White "Petrovska, Katerina"]
[Black "Djukic, Sandra"]
[Result "1/2-1/2"]
[WhiteElo "1906"]
[BlackElo "2128"]
[PlyCount "93"]
[EventDate "2024.07.24"]
[EventType "team-tourn"]
[EventRounds "7"]
[EventCountry "MKD"]
[SourceTitle "EXT 2025"]
[Source "ChessBase"]
[SourceDate "2024.10.14"]
[SourceVersion "1"]
[SourceVersionDate "2024.10.14"]
[SourceQuality "1"]
[WhiteTeam "Gambit Asseco See (W)"]
[BlackTeam "Kumanovo (W)"]
[WhiteTeamCountry "MKD"]
[BlackTeamCountry "MKD"]

1. e4 d6 2. d4 Nf6 3. Bd3 e5 4. c3 c6 5. Nf3 Qc7 6. Nbd2 Nbd7 7. 0-0 Be7 8. Re1 0-0 9. Nf1 Re8 10. dxe5 dxe5 11. Bc4 Nb6 12. Bb3 Bg4 13. Ng3 Rad8 14. Qe2 h6 15. h3 Bc8 16. Nh4 c5 17. Nhf5 c4 18. Bc2 Bf8 19. Qf3 Re6 20. b3 Kh8 21. a4 a5 22. Rb1 Ng8 23. bxc4 Nxc4 24. Bb3 Rf6 25. Qe2 Rc6 26. Ne3 Nxe3 27. Bxe3 Rxc3 28. Bd5 Bc5 29. Bxc5 Rxc5 30. Qh5 g6 31. Qh4 Rf8 32. Rb3 Kg7 33. Ne2 Nf6 34. Reb1 Rd8 35. Ra1 Rc2 36. Ng3 Rc1+ 37. Rxc1 Qxc1+ 38. Kh2 b6 39. Rf3 Qg5 40. Qxg5 hxg5 41. Bc6 g4 42. Rb3 Rd6 43. Bb5 gxh3 44. gxh3 Rd2 45. Kg2 Bb7 46. Re3 Nd7 47. Ne2 1/2-1/2

[Event "TUR-chT 1st League"]
[Site "Denizli"]
[Date "2024.07.20"]
[Round "8.23"]
[White "Kubicka, Anna"]
[Black "Djukic, Sandra"]
[Result "1/2-1/2"]
[WhiteElo "2334"]
[BlackElo "2128"]
[PlyCount "122"]
[EventDate "2024.07.15"]
[EventType "team-swiss"]
[EventRounds "9"]
[EventCountry "TUR"]
[SourceTitle "EXT 2025"]
[Source "ChessBase"]
[SourceDate "2024.10.14"]
[SourceVersion "1"]
[SourceVersionDate "2024.10.14"]
[SourceQuality "1"]
[WhiteTeam "Galva Metal"]
[BlackTeam "Olbia Satranc"]
[WhiteTeamCountry "TUR"]
[BlackTeamCountry "TUR"]

1. e4 d6 2. d4 Nf6 3. Bd3 e5 4. c3 c6 5. Ne2 Qc7 6. 0-0 Be7 7. h3 Nbd7 8. Ng3 Nf8 9. dxe5 dxe5 10. Nf5 Bxf5 11. exf5 N8d7 12. Qe2 0-0 13. Nd2 Rfe8 14. Bc2 Rad8 15. Re1 Qc8 16. Nf1 h6 17. a4 Bd6 18. Ng3 e4 19. Be3 c5 20. Nh5 Nxh5 21. Qxh5 Nf6 22. Qe2 Qxf5 23. Rad1 Qe5 24. g3 Qe6 25. Kh2 a6 26. Rd2 Bf8 27. Red1 Rxd2 28. Rxd2 Nh7 29. Qh5 Nf6 30. Qd1 b5 31. axb5 axb5 32. Rd8 Be7 33. Rxe8+ Nxe8 34. Qa1 f5 35. Qa8 Qd7 36. c4 Kh7 37. cxb5 Qxb5 38. Bxe4 Nd6 39. Bd5 Qxb2 40. Bxc5 Qe5 41. Qg8+ Kg6 42. Bxd6 Bxd6 43. Qf7+ Kh7 44. Be6 Qf6 45. Qg8+ Kg6 46. Qe8+ Kg5 47. Bd5 Qe7 48. h4+ Kf6 49. Qc8 Qe5 50. Qg8 Qe7 51. Kg2 Ke5 52. Bf3 Kf6 53. h5 Qf7 54. Qh7 Bc5 55. Qh8 Qe7 56. Qc8 Qd6 57. Qe8 Qd4 58. Qg6+ Ke7 59. Kh3 Qf6 60. Qxf6+ Kxf6 61. Kg2 Kg5 1/2-1/2

[Event "TUR-chT 1st League"]
[Site "Denizli"]
[Date "2024.07.15"]
[Round "1.4"]
[White "Mammadova, Gulnar Marfat Qizi"]
[Black "Djukic, Sandra"]
[Result "1-0"]
[WhiteElo "2341"]
[BlackElo "2128"]
[PlyCount "29"]
[EventDate "2024.07.15"]
[EventType "team-swiss"]
[EventRounds "9"]
[EventCountry "TUR"]
[SourceTitle "EXT 2025"]
[Source "ChessBase"]
[SourceDate "2024.10.14"]
[SourceVersion "1"]
[SourceVersionDate "2024.10.14"]
[SourceQuality "1"]
[WhiteTeam "Bursa Buyuksehir"]
[BlackTeam "Olbia Satranc"]
[WhiteTeamCountry "TUR"]
[BlackTeamCountry "TUR"]

1. e4 e6 2. d4 d5 3. Nc3 Bb4 4. e5 c5 5. a3 Bxc3+ 6. bxc3 Qa5 7. Bd2 Qa4 8. h4 Nc6 9. h5 h6 10. Nf3 Nge7 11. Rb1 c4 12. Be2 Bd7 13. g4 0-0-0 14. Nh4 f6 15. f4 1-0

[Event "SRB-ch (Women) 18th"]
[Site "Senta"]
[Date "2024.06.25"]
[Round "9"]
[White "Srdanovic, Jovana"]
[Black "Djukic, Sandra"]
[Result "1/2-1/2"]
[WhiteElo "2134"]
[BlackElo "2118"]
[PlyCount "60"]
[EventDate "2024.06.17"]
[EventType "tourn"]
[EventRounds "9"]
[EventCountry "SRB"]
[SourceTitle "CBM 220 Extra"]
[Source "ChessBase"]
[SourceDate "2024.07.31"]
[SourceVersion "1"]
[SourceVersionDate "2024.07.31"]
[SourceQuality "1"]

1. d4 d5 2. c4 dxc4 3. Nf3 c5 4. e3 Nf6 5. Bxc4 e6 6. 0-0 Nc6 7. a3 a6 8. dxc5 Bxc5 9. b4 Bd6 10. Bb2 0-0 11. Nbd2 b5 12. Be2 Bb7 13. Rc1 Ne7 14. Nb3 Bd5 15. Nc5 Bxc5 16. Rxc5 Ne4 17. Rc1 Nf5 18. Bd3 Nfd6 19. Bxe4 Nxe4 20. Qd4 f6 21. Rfd1 Rf7 22. Nd2 Nxd2 23. Qxd2 f5 24. Be5 h6 25. f3 Qg5 26. f4 Qg6 27. Qf2 Rd7 28. Rd4 Rad8 29. Qg3 Qxg3 30. hxg3 Kf7 1/2-1/2

[Event "SRB-ch (Women) 18th"]
[Site "Senta"]
[Date "2024.06.21"]
[Round "5"]
[White "Chelushkina, Irina"]
[Black "Djukic, Sandra"]
[Result "1-0"]
[WhiteElo "2134"]
[BlackElo "2118"]
[PlyCount "75"]
[EventDate "2024.06.17"]
[EventType "tourn"]
[EventRounds "9"]
[EventCountry "SRB"]
[SourceTitle "CBM 220 Extra"]
[Source "ChessBase"]
[SourceDate "2024.07.31"]
[SourceVersion "1"]
[SourceVersionDate "2024.07.31"]
[SourceQuality "1"]

1. e4 c5 2. Nf3 g6 3. c3 d5 4. exd5 Qxd5 5. Na3 Bg7 6. Bc4 Qe4+ 7. Be2 Nh6 8. d3 Qd5 9. 0-0 0-0 10. d4 Na6 11. dxc5 Qxd1 12. Rxd1 Nxc5 13. Nb5 Ne6 14. Ng5 Nd8 15. h3 Nc6 16. Be3 Nf5 17. Bc5 h6 18. Nf3 b6 19. Ba3 a6 20. Nc7 Ra7 21. Nd5 Be6 22. Nxb6 Rb8 23. Na4 a5 24. Bc5 Rab7 25. b3 Bf6 26. Rac1 Rc7 27. Bb6 Rcb7 28. g4 Nd6 29. Be3 Bc8 30. Bxh6 Ne5 31. Bf4 Nd7 32. c4 e5 33. Be3 Ne8 34. c5 e4 35. Nd2 Rb4 36. a3 Rxb3 37. Nxb3 Rxb3 38. Nb6 1-0

[Event "Gligoric Cup (Women) 10th"]
[Site "Paracin"]
[Date "2024.05.22"]
[Round "2.2"]
[White "Djukic, Sandra"]
[Black "Bojicic, Andjela"]
[Result "1/2-1/2"]
[WhiteElo "2113"]
[BlackElo "2080"]
[PlyCount "57"]
[EventDate "2024.05.21"]
[EventType "team-swiss"]
[EventRounds "5"]
[EventCountry "SRB"]
[SourceTitle "CBM 220 Extra"]
[Source "ChessBase"]
[SourceDate "2024.07.31"]
[SourceVersion "1"]
[SourceVersionDate "2024.07.31"]
[SourceQuality "1"]
[WhiteTeam "Paracin OSK (W)"]
[BlackTeam "Kac Jugovic (W)"]
[WhiteTeamCountry "SRB"]
[BlackTeamCountry "SRB"]

1. d4 Nf6 2. c4 e6 3. Nc3 b6 4. Nf3 Bb7 5. Bg5 Be7 6. e3 0-0 7. Qc2 d5 8. cxd5 exd5 9. Bd3 h6 10. Bxf6 Bxf6 11. h4 c5 12. g4 cxd4 13. exd4 Re8+ 14. Be2 Nc6 15. 0-0-0 g6 16. g5 hxg5 17. hxg5 Bg7 18. Bb5 Rc8 19. Qd2 Re6 20. Kb1 Na5 21. Rh4 a6 22. Bd3 b5 23. Ne5 Nc4 24. Bxc4 dxc4 25. Ne4 Bxe4+ 26. Rxe4 Qd5 27. Rde1 Rce8 28. f4 R6e7 29. a3 1/2-1/2

[Event "SRB-chT (Women) Div1"]
[Site "Senta"]
[Date "2023.10.17"]
[Round "8.3"]
[White "Christodoulaki, Antonia"]
[Black "Djukic, Sandra"]
[Result "1-0"]
[WhiteElo "2107"]
[BlackElo "2121"]
[PlyCount "127"]
[EventDate "2023.10.10"]
[EventType "team-tourn"]
[EventRounds "11"]
[EventCountry "SRB"]
[SourceTitle "CBM 216 Extra"]
[Source "ChessBase"]
[SourceDate "2023.11.30"]
[SourceVersion "1"]
[SourceVersionDate "2023.11.30"]
[SourceQuality "1"]
[WhiteTeam "Nis Osnovac (W)"]
[BlackTeam "Goracici Jelica (W)"]
[WhiteTeamCountry "SRB"]
[BlackTeamCountry "SRB"]

1. e4 c6 2. d4 d5 3. exd5 cxd5 4. Bd3 Nc6 5. c3 Nf6 6. h3 g6 7. Nf3 Bf5 8. 0-0 Bxd3 9. Qxd3 Bg7 10. Re1 0-0 11. Bf4 e6 12. Nbd2 a6 13. Ne5 Nh5 14. Bh2 Rc8 15. Nxc6 Rxc6 16. Nb3 Qb6 17. Re2 Rd8 18. Qf3 Nf6 19. Nc5 Nd7 20. Nd3 Rdc8 21. Bf4 Qd8 22. Rae1 Qf8 23. g4 b5 24. Bd2 a5 25. a3 Qd8 26. Kg2 Rc4 27. Qg3 Qb6 28. h4 Nf6 29. f3 b4 30. axb4 axb4 31. Nxb4 Rxb4 32. cxb4 h5 33. Bc3 hxg4 34. fxg4 Qb5 35. Qf3 Qc6 36. h5 gxh5 37. gxh5 Nh7 38. Kh1 Ng5 39. Qf4 f6 40. h6 e5 41. Qh4 Bxh6 42. Qxh6 Rc7 43. Rh2 Rh7 44. Qg6+ Rg7 45. Qf5 e4 46. Rg1 e3 47. Re1 Ne4 48. Rxe3 Ng3+ 49. Rxg3 Rxg3 50. Rg2 Rxg2 51. Kxg2 Kf7 52. Kf3 Qc4 53. Qd7+ Kg6 54. Ke3 f5 55. Kf2 Qb3 56. Qe6+ Kg5 57. Bd2+ f4 58. Qe5+ Kg6 59. Qxf4 Qxb2 60. Qg5+ Kh7 61. Qf5+ Kg7 62. Qd3 Kf6 63. b5 Ke7 64. Qc3 1-0

[Event "SRB-chT (Women) Div1"]
[Site "Senta"]
[Date "2023.10.14"]
[Round "5.3"]
[White "Djukic, Sandra"]
[Black "Eric, Jovana"]
[Result "1-0"]
[WhiteElo "2121"]
[BlackElo "2146"]
[PlyCount "183"]
[EventDate "2023.10.10"]
[EventType "team-tourn"]
[EventRounds "11"]
[EventCountry "SRB"]
[SourceTitle "CBM 216 Extra"]
[Source "ChessBase"]
[SourceDate "2023.11.30"]
[SourceVersion "1"]
[SourceVersionDate "2023.11.30"]
[SourceQuality "1"]
[WhiteTeam "Goracici Jelica (W)"]
[BlackTeam "Sremska Mitrovica Sirmium (W)"]
[WhiteTeamCountry "SRB"]
[BlackTeamCountry "SRB"]

1. d4 d5 2. c4 c6 3. Nf3 Nf6 4. Nbd2 Bf5 5. Nh4 Be4 6. e3 Nbd7 7. cxd5 Bxd5 8. Nhf3 c5 9. Qc2 cxd4 10. e4 Rc8 11. Qd3 Bc6 12. e5 Nc5 13. Qxd4 Nfd7 14. Be2 Ne6 15. Qe3 g6 16. 0-0 Bg7 17. Bc4 Ndc5 18. b4 b5 19. bxc5 bxc4 20. Bb2 Bb5 21. a4 Ba6 22. Ba3 c3 23. Qxc3 Bxf1 24. Rxf1 0-0 25. Rc1 Nf4 26. Qc4 Nd3 27. Rb1 Nxe5 28. Nxe5 Bxe5 29. Nf3 Bf6 30. h4 Qd7 31. Ng5 Qf5 32. Rb7 Bxg5 33. hxg5 Rb8 34. Rxe7 Rb1+ 35. Kh2 Qxg5 36. c6 Ra1 37. Bd6 Rc1 38. Qe4 Qh5+ 39. Kg3 Qg5+ 40. Kh2 Qh5+ 41. Kg3 Rc3+ 42. f3 Qg5+ 43. Kh2 Qh6+ 44. Kg3 g5 45. Rd7 Qh4+ 46. Qxh4 gxh4+ 47. Kxh4 Rc4+ 48. g4 Rxc6 49. Bxf8 Kxf8 50. Rxa7 Rc1 51. g5 Rc4+ 52. Kg3 Kg7 53. Ra6 Rb4 54. f4 Rb3+ 55. Kg4 Rb4 56. Kf5 Rb1 57. a5 Rb5+ 58. Kg4 Rb4 59. Rb6 Ra4 60. a6 Kf8 61. Rf6 Kg7 62. Kf5 Ra5+ 63. Ke4 h5 64. Kf3 Ra3+ 65. Kg2 h4 66. Rh6 Rg3+ 67. Kh2 Ra3 68. f5 Ra5 69. Rxh4 Rxa6 70. Kg3 Ra3+ 71. Kg4 Ra4+ 72. Kh5 Ra5 73. f6+ Kh7 74. Rb4 Ra1 75. Rb8 Rh1+ 76. Kg4 Rg1+ 77. Kf5 Rf1+ 78. Ke5 Re1+ 79. Kd6 Re6+ 80. Kd7 Re5 81. Rf8 Rxg5 82. Ke7 Ra5 83. Rxf7+ Kg8 84. Rg7+ Kh8 85. Kf7 Ra1 86. Rg2 Ra7+ 87. Kg6 Kg8 88. Rb2 Ra8 89. Rb7 Rc8 90. Rg7+ Kh8 91. Rh7+ Kg8 92. f7+ 1-0

[Event "SRB-chT (Women) Div1"]
[Site "Senta"]
[Date "2023.10.12"]
[Round "3.2"]
[White "Jankovic, Tamara"]
[Black "Djukic, Sandra"]
[Result "0-1"]
[WhiteElo "1636"]
[BlackElo "2121"]
[PlyCount "66"]
[EventDate "2023.10.10"]
[EventType "team-tourn"]
[EventRounds "11"]
[EventCountry "SRB"]
[SourceTitle "CBM 216 Extra"]
[Source "ChessBase"]
[SourceDate "2023.11.30"]
[SourceVersion "1"]
[SourceVersionDate "2023.11.30"]
[SourceQuality "1"]
[WhiteTeam "Belgrade Vidikovac (W)"]
[BlackTeam "Goracici Jelica (W)"]
[WhiteTeamCountry "SRB"]
[BlackTeamCountry "SRB"]

1. e4 c6 2. d4 g6 3. Bd3 Bg7 4. c3 d6 5. Nf3 Nd7 6. 0-0 Qc7 7. Bf4 e5 8. Be3 Ngf6 9. h3 0-0 10. Nbd2 Re8 11. dxe5 Nxe5 12. Nxe5 dxe5 13. Qc2 Nh5 14. a4 Qe7 15. Be2 Nf4 16. Bxf4 exf4 17. Bg4 Bxg4 18. hxg4 Qh4 19. f3 a5 20. Nc4 Bf8 21. Qf2 Qg5 22. e5 b5 23. axb5 cxb5 24. Nxa5 Rxe5 25. Nb3 Rae8 26. Rae1 Re3 27. Nd4 Qe5 28. Nc2 Bc5 29. Nxe3 fxe3 30. Qe2 g5 31. Kh1 Qg3 32. f4 Re6 33. fxg5 Bd6 0-1